[Event "VISA GP"]
[Site "Reykjavik"]
[Date "1998.03.13"]
[Round "4"]
[White "Mortensen, Erling"]
[Black "Van der Weide, Karel"]
[Result "0-1"]
[WhiteElo "2510"]
[BlackElo "2450"]
[Annotator "Mortensen,E"]
[PlyCount "68"]
[EventDate "1998.03.10"]
[EventType "swiss"]
[EventRounds "9"]
[EventCountry "ISL"]
[SourceTitle "CBM 064"]
[Source "ChessBase"]
[SourceDate "1998.06.02"]
[SourceVersion "1"]
[SourceVersionDate "1998.06.02"]
[SourceQuality "1"]

1. e4 {Finkel,A} c5 2. Nf3 Nc6 3. Bb5 g6 4. O-O Bg7 5. c3 e5 {A rather risky
line for black} 6. d4 cxd4 7. cxd4 exd4 (7... Nxd4 {Finkel,A} 8. Nxd4 exd4 9.
f4 $14) 8. Bf4 Nge7 9. Bd6 O-O 10. a4 (10. Re1 $5 {Finkel,A}) (10. Nbd2 $5 {
Finkel,A} b6 11. Rc1 Bb7 12. Re1 Re8 13. Bc4 Nc8 14. Bg3 a6 15. Bh4 Bf6 16.
Bxf6 Qxf6 17. Bd5 $1 $36 {Ulibin,M-Reinderman,D/Leeuwarden op 1994 (44)}) 10...
b6 (10... h6 $6 {Finkel,A} 11. Nbd2 a6 12. Bc4 Kh7 13. Re1 Na5 14. Bd5 Nxd5 $5
15. Bxf8 Qxf8 16. exd5 Qd6 17. Nb3 $16 {Popov,S-Rodic,D/JUG-ch Kladovo 1992 
(36)}) 11. Nbd2 Bb7 12. Bc4 {Boleslavskys recommendation. A few rounds before
a had the same position on the board against Andreas Schmied and won quickly.
Therefore I was a little surprised about my opponents choice of opening.} (12.
Re1 $5 {Finkel,A} h6 13. Nb3 Re8 14. Nbxd4 a6 15. Bc4 Nc8 16. Bxf7+ $2 Kxf7 17.
Qb3+ Re6 18. Nxe6 dxe6 19. e5 N6e7 $17 {Horvath,A-Dani,P/Zalakaros op 1996/0-1
(52)}) (12. Nb3 {Finkel,A} Re8 $1 13. Re1 Nc8 14. Bg3 a6 15. Bc4 (15. Bxc6 $2
dxc6 16. Nbxd4 c5 $17) 15... d6 16. Rc1 Ne5 17. Bf1 (17. Nfxd4 Nxc4 18. Rxc4
Rxe4 $17) 17... Nxf3+ 18. Qxf3 Ne7 $132 {Westerinen,H-Savon,V/Dortmund 1975 
(32)}) 12... h6 {Certainly better than} (12... Nc8 $6 13. Bxf8 Qxf8 14. Ng5 Ne5
$2 15. Ba2 Ba6 16. f4 Qe7 17. fxe5 Qxg5 18. Rxf7 Kh8 19. Nf3 Qe3+ 20. Kh1 {
1-0 Mortensen,Erling-Schmied,Andreas/XVIII Reykjavik International Reykjavik,
ISL (2) 1998}) (12... Na5 $5 {Finkel,A} 13. Ba2 Ba6 14. Re1 Nb7 15. Ba3 Nc5 16.
Nb3 Nd3 17. Re2 Nf4 18. Rd2 d3 $13 {Antunes,A-Pigusov,E/Santa Clara 1991 (70)})
13. b4 $5 (13. Re1 {developing another piece might be stronger}) 13... a5 14.
b5 Na7 (14... Nb4 15. Qb3 $16) 15. Qb3 (15. Rc1 Nac8 (15... Kh7 {Finkel,A} 16.
Bd5 $5 Nxd5 17. exd5 Re8 18. Bc7 Qf6 19. d6 Nc8 20. Nc4 Bd5 21. Nxb6 Nxb6 22.
Bxb6 Bxf3 23. Qxf3 Qxd6 24. Bc7 $14 {[%cal Gb5b6,Gb6b7] with advantage.}) 16.
Bc7 Qe8 17. e5 d6 (17... Nf5 18. Re1 d5 19. Bd3 $16 {[%csl Rb7,Rd4][%cal Gd2b3]
}) 18. exd6 Nf5 19. Re1 Qd7 {seems OK for black} (19... Qd7 20. Ne5 Bxe5 21.
Rxe5 Nfxd6 22. Bd5 $1 $14)) 15... Nac8 16. Ba3 d5 $1 {Active defence. After 16.
-, d6 17. Te1 black does not have any constructive moves left} 17. Bxd5 (17.
exd5 {Finkel,A} Nd6 $15) 17... Bxd5 18. exd5 Re8 19. Rfe1 Ra7 20. Rac1 $5 Rd7
21. Nc4 (21. Ne5 $6 {Finkel,A} Bxe5 (21... Rxd5 $2 22. Nc6 Nxc6 23. Rxe8+ Qxe8
24. Qxd5 $18) 22. Rxe5 Nxd5 (22... Rxd5 23. Rxc8 Qxc8 24. Rxe7 Rxe7 25. Bxe7
Qc1+ 26. Nf1 Re5 (26... Rd7 27. Ba3 Qc3 $15) 27. Bf6 Re1 28. Qd3 Rd1 29. Qe2
Kh7 30. h3 d3 31. Qe7 Rxf1+ 32. Kh2 Qf4+ $19) 23. Nf3 (23. Rxd5 Rxd5 24. Rxc8
Qxc8 25. Qxd5 Qc3 $19) 23... Nf4 $15) 21... Rxd5 22. Nce5 Bxe5 23. Nxe5 {
Threatening to win the exchange with Nc6} Nf5 24. f4 {Unfortunately 24. Rxc8,
R5xe5 did not work. Strongest might be:} (24. Nc6 Rxe1+ 25. Rxe1 Qd7 26. g4 Nh4
27. h3 d3 (27... Kg7 28. Bb2 Kg8 29. Nxd4 $16) 28. Re7 $18 {winning, but a
better defence is 26. .. Ng7. Van der Weide suggested 26. Bb2 (26. .. d3? 27.
Qc3) winning back the d-pawn with the better game in a few moves.}) (24. Ng4 {
Finkel,A} Rxe1+ 25. Rxe1 Kg7 $15) 24... d3 $1 25. Red1 $2 (25. Rxc8 $2 Rdxe5
26. Rxd8 Rxe1+ 27. Kf2 R1e2+ 28. Kg1 Rxd8 $19) (25. Nxd3 Rxe1+ 26. Nxe1 {
still left some chances for white}) 25... Rdxe5 $1 {I overlooked this exchange
sacrifice. Now black is winning:} 26. fxe5 Qd4+ 27. Kh1 d2 28. Rc7 {Finkel: So
far both sides played interesting and inventive chess,but now white misses
very strong and not so complicated move:} (28. e6 $1 {Finkel,A} Ncd6 $8 (28...
dxc1=Q 29. exf7+ Kh7 30. Bxc1 $18) 29. Bxd6 Nxd6 30. exf7+ Nxf7 31. Rf1 Qf2 32.
Rcd1 Re1 33. Qc4 (33. Qf3 Qxf3 34. gxf3 Re2 $17 {[%cal Gf7e5,Ge5c4,Gc4e3]})
33... Kh7 34. h3 Ne5 35. Qc7+ Nf7 36. Qc4 $11 {with equality.}) 28... Ncd6 $1
29. Bxd6 (29. Bb2 {Finkel,A} Qf2 30. Qf3 Qe1+ 31. Qf1 Qxf1+ 32. Rxf1 Ne3 33.
Rb1 Ndc4 $19 {[%cal Ge8d8]}) 29... Nxd6 30. Qc3 {Finkel: Another mistake,this
time already lethal.Black had to play} (30. Rf1 $8 {Finkel,A} Rxe5 (30... Qxe5
31. Rcxf7 Nxf7 32. Qxf7+ Kh8 33. Qxg6 Qe6 34. Qd3 Qe1 35. Qd4+ $11) 31. Rcxf7
Rd5 $1 (31... Qd5 32. Rf8+ Kg7 33. Qc3 $8 Nf5 (33... d1=Q 34. Qc7+ $18) 34. Rd8
Qxd8 35. Qxe5+ $18 {[%cal Gf1d1]}) 32. Rf8+ Kg7 33. Qd1 Nf5 34. Re8 h5 $1 $17 {
[%cal Gf5e3,Gh5h4]} (34... Ne3 35. Re7+ Kg8 36. Re8+ $11) (34... Ng3+ $5 35.
hxg3 Rh5+ 36. Qxh5 gxh5 37. Re7+ Kg6 38. Re6+ Kg5 39. Re8 $1 {[%cal Ge8g8]} Kg6
$14 {with good chanses to save the game.})) 30... Qxc3 31. Rxc3 Rxe5 {Finkel:
Now everything is over:white can't stop the pawn without serious material
losses.} 32. Rf3 Re1+ 33. Rf1 Rxf1+ 34. Rxf1 Ne4 0-1

[Event "POL-ch"]
[Site "Warsaw"]
[Date "2004.05.04"]
[Round "10"]
[White "Socko, Bartosz"]
[Black "Cyborowski, Lukasz"]
[Result "0-1"]
[WhiteElo "2579"]
[BlackElo "2565"]
[Annotator "Mueller,Karsten"]
[PlyCount "204"]
[EventDate "2004.04.24"]
[EventType "tourn"]
[EventRounds "13"]
[EventCountry "POL"]
[EventCategory "12"]
[SourceTitle "CBM 101"]
[Source "ChessBase"]
[SourceDate "2004.07.27"]
[SourceVersion "1"]
[SourceVersionDate "2004.07.27"]
[SourceQuality "1"]

1. e4 c5 2. Nf3 Nc6 3. Bb5 g6 4. Bxc6 dxc6 5. d3 Bg4 6. Bd2 Bg7 7. Bc3 Bxc3+ 8.
Nxc3 e5 9. h3 Bxf3 10. Qxf3 Nf6 11. O-O-O Qe7 12. Qe3 O-O-O 13. f4 exf4 14.
Qxf4 Nd7 15. Rd2 Ne5 16. Nd1 Rd4 17. Nc3 Rhd8 18. Rhd1 c4 19. dxc4 Rxd2 20.
Rxd2 Rxd2 21. Qxd2 Nxc4 22. Qd4 Qg5+ 23. Kb1 Qe3 24. Qd1 Nd2+ 25. Ka1 Nxe4 26.
Nxe4 Qxe4 27. Qd2 Qd5 28. Qe2 Kd7 29. a3 f5 30. Qf2 c5 31. c3 Qd1+ 32. Ka2 Kc6
33. Qg3 Qd6 34. Qf2 a6 35. Qe2 Qd5+ 36. Ka1 Kd7 37. Qc2 Ke6 38. Qf2 Kf7 39. Qg3
Qc6 40. Qg5 Qd6 41. Qc1 Kg7 42. Qe1 g5 43. Qe2 h6 44. Qe1 Kf6 45. Qe2 Qe6 46.
Qd1 Kg6 47. Qf3 Qe1+ 48. Ka2 Qe4 49. Qf2 Qd5+ 50. Ka1 Qd1+ 51. Ka2 Qd5+ 52. Ka1
Kf6 53. Qe2 Qe4 54. Qf2 Qe7 55. Qd2 Kg6 56. Qd5 Qe4 57. Qd6+ Kh5 58. Qxc5 Qxg2
59. Qxf5 Kh4 60. c4 Qxh3 61. Qe4+ g4 62. Qe7+ Kg3 63. Qe3+ Kg2 64. Qd2+ Kg1 65.
Qd4+ Kh1 66. Qd1+ Kh2 67. Qd2+ Qg2 {Black's g-pawn will bring him victory.
Black's handling of the ending is instructive:  der schwarze g-Bauer wird ihm
den Sieg bringen. Schwarz führt das Endspiel instruktiv:} 68. Qxh6+ Kg1 69. Ka2
g3 70. Qb6+ Kf1 71. Qe3 Qf2 72. Qd3+ Kg1 73. Qd1+ Qf1 74. Qd4+ Kg2 75. Qd5+ Qf3
76. Qd2+ Kf1 77. Qc1+ Kf2 78. Qd2+ Qe2 79. Qf4+ Kg2 80. Qf7 Kg1 81. Qf4 Qd3 82.
Qc1+ Kg2 83. Qf4 b5 84. cxb5 axb5 85. a4 Qd5+ 86. b3 bxa4 87. Qxa4 Qd2+ 88. Ka3
Qc1+ 89. Ka2 Qd2+ 90. Ka3 Qc1+ 91. Ka2 Kf2 92. Qd4+ Qe3 93. Qf6+ Ke2 94. Qg6
Kf1 95. Ka3 g2 96. Qb1+ Ke2 97. Qc2+ Qd2 98. Qe4+ (98. Qc5 Kd1 99. Qg1+ Kc2
100. Qc5+ Kb1 101. Qf5+ Qc2 102. Qg4 Qc5+ 103. b4 g1=Q $19) 98... Kd1 {[%mdl
4096] the king heads for a hiding place on the queenside.  der König läuft ins
Versteck am Damenflügel} 99. Qg4+ Kc1 100. Ka4 Qa2+ 101. Kb4 Qf2 102. Qg5+ (
102. Qc4+ Kb2 103. Qc3+ Ka2 $19) (102. Qc8+ Kb1 $19) 102... Qd2+ {countercheck
Gegenschach} 0-1

[Event "WchT (Women) 12th"]
[Site "Astana"]
[Date "2019.03.13"]
[Round "8.2"]
[White "Muzychuk, Anna"]
[Black "Soumya, Swaminathan"]
[Result "1-0"]
[WhiteElo "2555"]
[BlackElo "2401"]
[Annotator "Muzychuk,A"]
[PlyCount "81"]
[EventDate "2019.03.05"]
[EventType "team-tourn"]
[EventRounds "9"]
[EventCountry "KAZ"]
[SourceTitle "CBM 189"]
[Source "ChessBase"]
[SourceDate "2019.04.29"]
[SourceVersion "1"]
[SourceVersionDate "2019.04.29"]
[SourceQuality "1"]
[WhiteTeam "Ukraine (W)"]
[BlackTeam "India (W)"]
[WhiteTeamCountry "UKR"]
[BlackTeamCountry "IND"]

1. e4 c5 2. Nf3 Nc6 3. Bb5 g6 4. O-O Bg7 5. Re1 e5 {This was expected as
Swaminathan has already played a similar setup and 5...e5 is considered to be
a fashion line these days.} 6. b4 {Not the main move, although hardly a rare
one. Moreover, it was played in the 5th game of the World Championship match
between Caruana and Carlsen. But surprisingly after 6.b4 my opponent started
to spend quite a lot of time on her decisions. Most probably trying to recall
the analyses.} cxb4 ({The aforementioned famous game proceeded with} 6... Nxb4
{which is a much more concrete response. The readers can get acquainted with
the game, annotated by Viswanathan Anand in the previous issue of CBM. But in
my opinion the move chosen in the game is a better practical decision. When
you face something you didn't prepare and cannot remember then usually you try
to opt for a safer play.}) 7. a3 b3 8. cxb3 Nge7 9. Bb2 O-O 10. d4 exd4 11.
Nxd4 Qb6 12. Nxc6 dxc6 13. Bxg7 Kxg7 14. Bc4 {After a number of exchanges the
position has stabilized and the structure became more or less defined.
According to the engines, the evaluation is about equal. Most probably this is
correct but Black still needs to find a couple of precise moves to solve her
problems with the weak position of the king and the unfortunate placement of
the knight.} Qc5 {Seems logical and natural, preventing Nc3 but after the game
I realized there was only one move for Black which promises the equality:} (
14... Be6 $1 {During the game you consider such a possibility but if I was on
the Black side I would definitely want to avoid making such a move which
causes even more strategical problems... unless everything works tactically.
Here it does:} 15. Bxe6 fxe6 16. Qc2 c5 {[%csl Ye7][%cal Ye7c6,Yc6d4]} 17. Qc3+
(17. Nd2 Nc6) (17. Nc3 Nc6) 17... Kg8 18. Nd2 Nc6 19. Rac1 Rad8 20. Qe3 Ne5 (
20... Qa6 $5) 21. Nc4 Nxc4 22. Rxc4 Rd4 $11) (14... c5 15. Qc1 (15. Nc3 Be6)
15... Be6 16. Nc3 Rac8 17. Qe3 $14) 15. Ra2 {I like this subtle move. The idea
is to transfer the rook to c2, force the queen to move away from c5 and only
then finish the development of the knight.} b5 (15... g5 {The first line of
the computer which looks quite risky for a human eye. The idea is clear - to
activate the knight after Ng6. But one has to be fearless to play g5 when most
of your pieces are undeveloped. I considered this move with the same idea in
the later stage of the game but not at this point.}) 16. Bf1 Be6 17. Rc2 Qe5 (
17... Qb6 {Another possible retreat. Both Qe5 and Qb6 have prons and cons (the
queen on b6 will not be attacked after Nd2-Nf3 while on b6 it is further from
the defence of the king).} 18. Nd2 $14) 18. Nd2 Rfd8 19. Qc1 a5 20. Nf3 Qf6 21.
Rc3 {Little by little White has finished the development and now will start to
exploit her positional advantage.} h6 (21... b4 $5 {was the move which could
cause troubles. Black's position seems to be a bit passive, therefore I think
that the concept of changing the type of the position was quite interesting}
22. Rce3 (22. axb4 axb4 23. Rce3 Ra5 $1 $132 {an important move with the
threat of c5}) 22... a4 23. bxa4 b3 {White is still better but now everything
looks much more complicated.}) 22. h3 {Luft with a funny threat of winning the
queen after e5 Qf5/ g4.} ({The computer also likes} 22. e5 Qf5 23. h3 g5 24.
Rce3 {aiming for Qc5 or Nd2-Ne4 but during the game I didn't feel like playing
e5, weakening the d5 and f5 squares.}) 22... Kh7 (22... g5 {This is the moment
when I expected g5 and it was the best move, but still after} 23. Rce3 {
White keeps an edge.}) 23. Rce3 {Here I considered 3 moves, mainly choosing
between Rce3 and Qe3, possibly followed by Qc5, when the engine claims a4 is
the best :) A typical situation which you experience 100 times in the
post-game analysis but at this very moment I am not sure the machine is
completely right.} (23. a4 $5 {I thought it was irrelevant to take
responsibility by playing a4, although the move is interesting and needs
precise calculation:} Rab8 24. axb5 (24. Qe3 $5) 24... cxb5 25. Rc7 {[%cal
Ye4e5]} Bxb3 (25... Rdc8 26. e5 Qh8 27. Nd4 $16) 26. Qa3 a4 27. e5 Qe6 28. Qxe7
(28. Rxe7 b4 29. Rxe6 bxa3 30. Rd6 a2 $13) 28... Qxe7 29. Rxe7 Kg8 $16 {
White is a piece up but I am not so sure about this position. The connected
passed pawns look quite dangerous.}) (23. Qe3 $5 Rac8 (23... b4 24. axb4 axb4
25. Rcc1 Ra3 26. Qc5 $16) (23... a4 24. b4 $14) 24. Qc5 (24. a4 $5) (24. Rec1
$5) 24... Nd5 {Maybe Nd5 is not so dangerous but when I saw this idea during
the game I made my mind to play 23.Rce3.} 25. exd5 cxd5 26. Rxe6 fxe6 27. Qxc8
Rxc8 28. Rxc8 {The position should be good for White but I did not want to
change the character of the game so radically.}) 23... Bc8 {Looks strange but
actually it is not so easy to play on the Black side. Bc8 has an idea of
meeting Qc5 with Qd6.} (23... Qf4 24. Qa1 $16 (24. e5 $16)) (23... a4 {is the
computer's suggestion but it is not pleasant to fix the pawns in such a way}
24. b4 Ra7 $14) 24. Qc2 (24. a4 $5 {is more atractive here than on the
previous move but still I prefered to make a non-committal move.}) (24. Qc5 Qd6
) 24... Ra7 {This only helps White but it is already difficult to suggest
something good for Black.} 25. Qc5 Rb7 26. Ne5 Qe6 ({After 26....Qe6 White is
winning.} 26... Be6 $16 {was necessary.}) 27. Rf3 (27. Qc3 $1 {was even
stronger:} b4 28. Qa1 $18) 27... f6 28. Nd3 (28. Ng4 $5 {looked tempting but I
think Nd3 is stronger from a practical point of view.} Ng8 (28... f5 29. exf5
Qxe1 30. Re3 $18) 29. Qc3 Rf8 30. Qxa5 h5 31. Nh2 $18 {I saw this line and it
was obvious that the position is winning but somehow I prefered not to place
the knight on h2 and not to give time to consolidate.} (31. Ne3 Qxb3)) 28...
Ng8 29. e5 (29. Qc3 $5 Ra7 30. e5 $18) 29... fxe5 (29... f5 30. Nf4 Qe8 31. e6
$18 {is totally crushing.}) 30. Nxe5 Rd5 31. Qc3 Rg7 32. Bd3 b4 33. axb4 axb4
34. Qa1 Qd6 35. Bxg6+ {Many moves were winning but it is nice to finish the
game with a tactical shot :)} Rxg6 36. Nf7 Qf6 37. Rxf6 Rxf6 38. Re8 Rxf7 39.
Rxc8 Rd2 40. Qe1 Rfd7 41. Qe4+ 1-0

[Event "Chigorin Memorial"]
[Site "St Petersburg"]
[Date "1995.??.??"]
[Round "6"]
[White "Ivanov, Victor L"]
[Black "Popov, Valerij"]
[Result "1-0"]
[WhiteElo "2450"]
[BlackElo "2455"]
[Annotator "Nikitin,A"]
[PlyCount "77"]
[EventDate "1995.09.??"]
[EventType "swiss"]
[EventRounds "9"]
[EventCountry "RUS"]
[SourceTitle "EXT 1997"]
[Source "ChessBase"]
[SourceDate "1996.11.15"]
[SourceVersion "1"]
[SourceVersionDate "1996.11.15"]
[SourceQuality "1"]

1. e4 c5 2. Nf3 Nc6 3. Bb5 g6 4. O-O Bg7 5. c3 Nf6 6. Re1 O-O 7. h3 (7. d4 cxd4
8. cxd4 d5 9. e5 Ne4) 7... e5 8. Na3 (8. d4 cxd4 9. cxd4 exd4 10. e5 Nd5 11.
Bg5 Qc7 12. Qb3 Nde7 $13) (8. Bxc6 dxc6 9. Nxe5 Re8 10. f4 Nh5 $1 {N/} (10...
Nxe4 11. Rxe4 f6 12. Qb3+ Be6 $44) 11. d4 Qh4 12. Rf1 Bxh3 $1 $36 {Galduts,
S-Dreev,A/St-Petersburg/1993/0-1/36/}) 8... d6 (8... Re8 9. Nc4 Nxe4 10. d3 d5
11. dxe4 dxc4 12. Qxd8 Rxd8 13. Be3 $14) 9. d4 (9. Nc2 Bd7 10. Bf1 d5 11. d3 d4
$15) 9... cxd4 10. cxd4 Nxd4 11. Nxd4 exd4 12. Qxd4 (12. Nc2 $2 a6 13. Bf1 Re8
$17) 12... a6 13. Bf1 Re8 14. Bg5 (14. Qb4 d5 15. e5 Ne4 $17) 14... h6 15. Bxf6
Bxf6 16. Qb4 b5 $15 17. Rad1 Be5 18. Nb1 h5 $1 19. Qd2 Qf6 20. Nc3 Be6 21. Nd5
Bxd5 22. Qxd5 h4 23. Qd2 Re6 $1 24. a4 $2 (24. Rb1 $15) 24... bxa4 25. Bc4 Re7
26. Re3 Qf4 $1 (26... Bf4 27. Rf3 g5 28. g3 hxg3 29. fxg3 Bxd2 30. Rxf6 Bb4 31.
Rg6+ Kf8 32. Rxg5 Rc8 33. Bd5 Rc2 $15) 27. g3 hxg3 28. fxg3 Qh6 29. Rf3 (29.
Kg2 Bxb2 30. Rf3 Qxd2+ 31. Rxd2 a3 32. Rdf2 Raa7 $17) 29... Qxh3 30. Qg5 Qh5 $1
31. Qxh5 gxh5 32. Ra1 (32. Rb1 Rb8 33. b4 axb3 34. Rbxb3 Rxb3 35. Rxb3 a5 36.
Ra3 Bd4+ 37. Kg2 Rxe4 38. Rxa5 Bc5 $17) 32... Bxb2 33. Rxa4 a5 34. Rf5 Bc3 35.
Rxh5 Rb8 36. Kg2 Kg7 37. Kf3 Rbe8 38. Rh4 Bb4 39. Bd5 $17 {Time/} 1-0

[Event "IBM-21 Herinnerungs Toernooi"]
[Site "Amsterdam"]
[Date "1981.05.??"]
[Round "?"]
[White "Karpov, Anatoly"]
[Black "Miles, Anthony John"]
[Result "1-0"]
[WhiteElo "2690"]
[BlackElo "2590"]
[Annotator "Notkin,M"]
[PlyCount "81"]
[EventDate "1981.05.24"]
[EventType "tourn"]
[EventRounds "11"]
[EventCountry "NED"]
[EventCategory "13"]
[SourceTitle "MCL"]
[Source "ChessBase"]
[SourceDate "1999.07.01"]
[SourceVersion "1"]
[SourceVersionDate "1999.07.01"]
[SourceQuality "1"]

1. e4 c6 2. c4 d5 3. cxd5 cxd5 4. exd5 Nf6 5. Nc3 Nxd5 6. d4 g6 7. Bb5+ (7. Qb3
$5) 7... Nc6 (7... Bd7 8. Qb3 Nb6 9. Nf3 Bg7 10. Ne5 O-O 11. Nxd7 N8xd7 12. O-O
Nf6 13. Rd1 Ne8 14. a4 Nd6 15. a5 Nd7 16. Be2 $14 {Martin,A-Seirawan,J/Biel/
1985/0:1/28/}) 8. Qa4 Nxc3 9. bxc3 (9. Bxc6+ $6 bxc6 10. Qxc6+ Bd7 11. Qxc3 Rc8
$44) 9... Bg7 10. Nf3 O-O 11. O-O Be6 $6 (11... Na5 $1 {/\a6=/}) 12. Bxc6 $1
bxc6 13. Ba3 Qc7 14. Rfe1 Rfe8 15. Ne5 Rab8 16. c4 (16. Qxc6 Bxe5 $19) (16.
Nxc6 Qd7 $1 (16... Bd7 17. Nxe7+ Rxe7 18. Rxe7 Qxc3 19. Qd1 Ba4 20. Qc1 Qxd4
21. Rb1 $16) 17. c4 Bxd4 (17... Rbc8 18. d5 Bxa1 19. Rxa1 $146) 18. Rad1 Rbc8
19. Rxd4 Qxc6 $10 20. Qxc6) 16... Rb6 $2 (16... Bxe5 17. Rxe5 Red8 18. Bc5 Rd7
19. Rae1 Rb2 $14) 17. Bc5 Rb2 18. Qxc6 (18. Nxc6 Bf6 $8) 18... Rc8 19. Qa4 Qb7
20. Rad1 Bxe5 21. Rxe5 Qc6 (21... Rb1 22. Ree1 $16) 22. Qxa7 Rb7 23. Qa3 Bxc4
24. Bxe7 Bd5 25. Rde1 Kg7 (25... Bxg2 26. Rc5 $18) 26. Qe3 Rcb8 (26... Bxa2 27.
d5 Bxd5 28. Qd4 $1 $18) (26... f6 27. Bxf6+ $18) 27. h4 Rb1 28. Rxb1 Rxb1+ 29.
Kh2 h6 (29... Bxg2 30. Qh6+ $1 Kxh6 31. Bf8#) 30. f3 Bxa2 31. Bc5 (31. d5 $1
Qc1 32. Qd4 Qd1 33. Bf6+ $1 Kh7 (33... Kxf6 34. Re6+ Kf5 35. g4#) 34. Re8 Qxd4
35. Rh8#) 31... Rb8 $2 (31... Qf6 $2 32. Bf8+ $1 $18) (31... Bd5 32. h5 $16)
32. d5 $1 Qf6 33. Rh5 $1 Kg8 (33... gxh5 34. Bd4 $18) 34. Bd4 Qd6+ 35. Be5 Re8
36. Qxh6 $1 Qxe5+ 37. Rxe5 Rxe5 38. d6 Be6 (38... Rd5 39. Qf4 Rd3 40. h5 $18)
39. Qd2 Bd7 40. Qd4 Re6 41. Qa7 $1 (41. Qa7 Rxd6 42. Qb8+ $18) 1-0